Clubs avec plus de 250 matchs en LDC - Mort Subite - Statistiques

Statistiques générales
  • Ce quiz a été pris 1 410 fois
    503 depuis la dernière actualisation
  • Le résultat moyen est 4 sur 11
Answers on the Grid
Answers color-coded by a green-red scale on the quiz's grid according to % correct below.
Ajax
Anderlecht
Arsenal
Atletico Madrid
Borussia Dortmund
Barcelona
Bayern München
Benfica
Chelsea
Dynamo Kyiv
Etoile Rouge Belgrade
Inter
Juventus
Liverpool
Man City
Man Utd
AC Milan
Olympiacos
OM
Porto
PSG
Rangers
Real Madrid
Shakhtar Donetsk
 
Statistiques - réponses
Réponse % Correct
509 Matchs Real Madrid
59%
369 Matchs Barcelona
57%
283 Matchs AC Milan
50%
414 Matchs Bayern München
50%
264 Matchs Liverpool
48%
299 Matchs Man Utd
42%
317 Matchs Juventus
34%
253 Matchs Ajax
26%
314 Matchs Benfica
18%
277 Matchs Porto
15%
265 Matchs Dynamo Kyiv
3%
Aucun quiz correspondant
Distribution des résultats
% des personnes avec chaque résultat
Percentile par nombre de réponses
Votre historique - résultats
Vous n’avez pas pris ce quiz depuis la dernière actualisation